Countries With The Most Catalan Ancestry - Statistics

General Stats
  • This quiz has been taken 56 times
  • The average score is 16 of 20
Answer Stats
Total Country % Correct
491,000 France
100%
8,05 mil Spain
100%
243,500 Argentina
92%
2,500 United States
92%
64,300 Mexico
90%
6,000 Colombia
88%
16,550 Andorra
86%
145,000 Brazil
84%
50,400 Chile
84%
27,500 Uruguay
84%
1,450 Portugal
82%
2,300 Paraguay
80%
1,000 Canada
78%
3,500 Ecuador
78%
6,250 Venezuela
78%
43,000 Germany
73%
39,000 Peru
73%
1,200 Bolivia
69%
3,670 Cuba
65%
2,140 Costa Rica
53%
No matching quizzes found
Score Distribution
Percent of People with Each Score
Percentile by Number Answered
Your Score History
You have not taken this quiz